000
00287nam a22001337a 4500
008
190205b xxu||||| |||| 00| 0 eng d
020
_a
9780028028651
041
_a
eng
080
_2
9th
_a
331
100
_a
58
101
_a
BIZ
245
_a
Business Law
_c
Brown,G.W
942
_2
udc
_c
BK
999
_c
53963
_d
53963